Southville International School and Colleges
Your cart is empty.
  • Cart
  • Lists
    Public lists Eva Luna New books Lux_list list_1
    Your lists Log in to create your own lists
  • Log in to your account
  • Your cookies
  • Search history
Southville International School and Colleges
  • Advanced search
  • Recent comments
  • Most popular
  • Libraries

Log in to your account

Log in with GOOGLE


If you do not have an external account, but do have a local account, you can still log in:

  1. Home
  2. MARC view: Business and management for the IB diploma :
Normal view MARC view ISBD view

Business and management for the IB diploma : (Record no. 2116)

[ view plain ]
MARC details
000 -LEADER
fixed length control field 00661nam a22002177a 4500
003 - CONTROL NUMBER IDENTIFIER
control field OSt
005 - DATE AND TIME OF LATEST TRANSACTION
control field 20140310181724.0
008 - FIXED-LENGTH DATA ELEMENTS--GENERAL INFORMATION
fixed length control field 130307t xxu||||| |||| 00| 0 eng d
020 ## - INTERNATIONAL STANDARD BOOK NUMBER
International Standard Book Number 9780199135318
050 ## - LIBRARY OF CONGRESS CALL NUMBER
Classification number HF 1118
Item number .G985 2009
082 ## - DEWEY DECIMAL CLASSIFICATION NUMBER
Classification number IB 658.002
Item number G98 2009
100 ## - MAIN ENTRY--PERSONAL NAME
Personal name Gutteridge, Llyod
245 ## - TITLE STATEMENT
Title Business and management for the IB diploma :
Remainder of title standard and higher level
Statement of responsibility, etc Llyod Gutteridge
260 ## - PUBLICATION, DISTRIBUTION, ETC. (IMPRINT)
Place of publication, distribution, etc Oxford ; New York :
Name of publisher, distributor, etc Oxford University Press,
Date of publication, distribution, etc c2009.
300 ## - PHYSICAL DESCRIPTION
Dimensions 30 cm. :
Extent v, 160 p. ;
562 ## - COPY AND VERSION IDENTIFICATION NOTE
Number of copies 1
650 ## - SUBJECT ADDED ENTRY--TOPICAL TERM
Topical term or geographic name as entry element Business & Management.
650 ## - SUBJECT ADDED ENTRY--TOPICAL TERM
Topical term or geographic name as entry element International Baccalaureate.
942 ## - ADDED ENTRY ELEMENTS (KOHA)
Source of classification or shelving scheme Library of Congress Classification
Koha item type Books
Holdings
Withdrawn status Lost status Source of classification or shelving scheme Damaged status Home library Current library Shelving location Date acquired Total Checkouts Total Renewals Full call number Barcode Date last seen Date checked out Copy number Price effective from Koha item type
    Library of Congress Classification   Luxembourg Library Luxembourg Library International Baccalaureate Section 03/07/2013 2 27 HF 1118 .G985 2009 17821 01/12/2015 06/11/2014 1 10/03/2013 Books

Business and management for the IB diploma :

APA

Gutteridge L., . (2009). Business and management for the IB diploma. Oxford ; New York: Oxford University Press.

Chicago

Gutteridge Llyod, . 2009. Business and management for the IB diploma. Oxford ; New York: Oxford University Press.

Harvard

Gutteridge L., . (2009). Business and management for the IB diploma. Oxford ; New York: Oxford University Press.

MLA

Gutteridge Llyod, . Business and management for the IB diploma. Oxford ; New York: Oxford University Press. 2009.

  • Place hold
  • Print
  • Cite
  • Add to your cart (remove)
  • Save record
    BIBTEX Dublin Core MARCXML MARC (non-Unicode/MARC-8) MARC (Unicode/UTF-8) MARC (Unicode/UTF-8, Standard) MODS (XML) RIS
  • More searches
    Search for this title in:
    Other Libraries (WorldCat) Other Databases (Google Scholar) Online Stores (Bookfinder.com) Open Library (openlibrary.org)

Exporting to Dublin Core...

SOUTHVILLE LIBRARY

Southville International School and Colleges Library

1281 Tropical Ave. Cor. Luxembourg St., BF Homes International, Las Pinas City

Tel. No. 8256374 / 252358 Loc. 117/146

Powered by Koha